000 00346nam a2200133Ia 4500
005 20260328101452.0
008 260328s9999||||xx |||||||||||||| ||und||
100 _aMcharg, Ian L.
245 0 _aDesign with Nature /
_cIan L. Mcharg
260 _bThe American Museum of Natural History
300 _a195 p.
650 _aDISEÑO URBANO
942 _cBK
999 _c8712
_d8712